000 00503nam a2200181Ia 4500
008 230917s9999||||xx |||||||||||||| ||und||
020 _cRS 850.00
040 _e5007355
_aMAIN
041 _aEnglish
082 _a820.9 I2I(3)
100 _aDevy, G N, ed.
245 0 _aIndian literary criticism: Theory and interpretation
250 _a3rd ed.
260 _aHyderabad
_bOrient Blackswan
_c2020
300 _axxiv, 365 p.
500 _a4553 15/02/2022 HBD22/9214 25/01/2022 Main Budget
942 _cBK
999 _c5537
_d5537